| 000 | 00481nam a2200229Ia 4500 | ||
|---|---|---|---|
| 001 | 069732 | ||
| 003 | YMCAF | ||
| 005 | 20230512160605.0 | ||
| 008 | 100717s1971 ||||||||||||||||| ||und|d | ||
| 020 | _a- | ||
| 024 | _a69732 | ||
| 035 | _a9195 | ||
| 040 |
_aYMCAF _beng _cIN-KoLT |
||
| 041 | _aeng | ||
| 100 | _aKoontz | ||
| 245 | 0 | _aPRINCIPLES OF MANAGEMENT AND ANALYSIS OF MANGERIAL | |
| 250 | _a- | ||
| 260 |
_b- _c1971 |
||
| 653 | _a- | ||
| 653 | _a- | ||
| 942 |
_2ddc _cBK |
||
| 999 |
_c5469 _d5469 |
||